[Event "CZE-chT U18 Extraliga final-A 1617"]
[Site "Czech Republic"]
[Date "2017.04.23"]
[Round "11.4"]
[White "Otruba, Marek"]
[Black "Beluska, Tereza"]
[Result "1-0"]
[WhiteElo "1904"]
[BlackElo "1970"]
[PlyCount "75"]
[EventDate "2016.10.01"]
[EventType "team-tourn"]
[EventRounds "11"]
[EventCountry "CZE"]
[SourceTitle "EXT 2022"]
[Source "ChessBase"]
[SourceDate "2021.10.06"]
[SourceVersion "1"]
[SourceVersionDate "2021.10.06"]
[SourceQuality "1"]
[WhiteTeam "Ricany U18"]
[BlackTeam "Frydek Mistek U18"]
[WhiteTeamCountry "CZE"]
[BlackTeamCountry "CZE"]

1. e4 e6 2. d4 d5 3. Nd2 Nf6 4. e5 Nfd7 5. Bd3 c5 6. c3 Nc6 7. Ngf3 cxd4 8. cxd4 f6 9. exf6 Qxf6 10. 0-0 Bd6 11. Nb3 h6 12. Bd2 0-0 13. Bc3 Rf7 14. Bc2 b6 15. Qd3 Nf8 16. Rfe1 a5 17. a3 Ba6 18. Qd2 Bf4 19. Qd1 Re8 20. Nc1 Bb8 21. Nd3 g5 22. Nde5 Nxe5 23. dxe5 Qg7 24. h3 Ng6 25. Bxg6 Qxg6 26. Nh2 Bc7 27. Ng4 Bd8 28. Nf6+ Rxf6 29. exf6 Bxf6 30. Bd4 Bd8 31. Rc1 Bc4 32. b3 Bb5 33. Qd2 Bd7 34. Qe3 b5 35. Bb6 Bf6 36. Rc7 Bc8 37. Qc5 Ba6 38. Bxa5 1-0

[Event "CZE-ch U18/U20 Girls"]
[Site "Kovarska"]
[Date "2016.11.15"]
[Round "4"]
[White "Pychova, Nela"]
[Black "Beluska, Tereza"]
[Result "1-0"]
[WhiteElo "2054"]
[BlackElo "1982"]
[PlyCount "107"]
[EventDate "2016.11.13"]
[EventType "swiss"]
[EventRounds "9"]
[EventCountry "CZE"]
[SourceTitle "EXT 2022"]
[Source "ChessBase"]
[SourceDate "2021.10.06"]
[SourceVersion "1"]
[SourceVersionDate "2021.10.06"]
[SourceQuality "1"]

1. c4 e5 2. Nc3 Nf6 3. g3 c6 4. Nf3 e4 5. Nd4 d5 6. cxd5 Qb6 7. Nb3 cxd5 8. Bg2 Bb4 9. 0-0 0-0 10. d3 Bxc3 11. bxc3 Bf5 12. Nd4 Bg6 13. a4 Nc6 14. Be3 Qd8 15. Nxc6 bxc6 16. a5 Re8 17. h3 Nd7 18. d4 f5 19. Qa4 Qf6 20. Rfb1 Bh5 21. Rb7 Nf8 22. Bf1 Ng6 23. Bc1 Qd6 24. Qb4 Qe6 25. e3 Bf3 26. Qc5 h5 27. Rxa7 h4 28. Rc7 hxg3 29. fxg3 Ne7 30. Ba3 Qg6 31. Qd6 Qg5 32. Kf2 Rxa5 33. Qe6+ Kh7 34. Qf7 Raa8 35. Bb2 Rxa1 36. Bxa1 Ra8 37. Bb2 Rb8 38. Ba3 Ng8 39. h4 Qh6 40. Qxf5+ Kh8 41. Be2 Bxe2 42. Kxe2 c5 43. Ra7 cxd4 44. cxd4 Rb3 45. Qg5 Kh7 46. Bf8 Rb2+ 47. Kf1 Rb1+ 48. Kg2 Rb2+ 49. Kh3 Qxg5 50. hxg5 Re2 51. Rxg7+ Kh8 52. g6 Nf6 53. Rf7 Nh5 54. Bh6 1-0

[Event "CZE-chT1E 1617"]
[Site "Czech Republic"]
[Date "2016.10.16"]
[Round "1.3"]
[White "Sikora, Jan"]
[Black "Beluska, Tereza"]
[Result "1/2-1/2"]
[WhiteElo "2229"]
[BlackElo "1970"]
[PlyCount "55"]
[EventDate "2016.10.16"]
[EventType "team-tourn"]
[EventRounds "11"]
[EventCountry "CZE"]
[SourceTitle "CBM 175 Extra"]
[Source "ChessBase"]
[SourceDate "2016.12.12"]
[SourceVersion "1"]
[SourceVersionDate "2016.12.12"]
[SourceQuality "1"]
[WhiteTeam "Trinec"]
[BlackTeam "Frydek Mistek II"]
[WhiteTeamCountry "CZE"]
[BlackTeamCountry "CZE"]

1. e4 e6 2. d4 d5 3. e5 c5 4. c3 Nc6 5. Nf3 Bd7 6. a3 c4 7. Nbd2 Na5 8. Be2 Ne7 9. 0-0 Nc8 10. Qc2 Nb6 11. a4 Be7 12. g3 Bc6 13. Bd1 Qd7 14. Kg2 0-0-0 15. h4 Rdf8 16. Re1 f5 17. Ng5 Bxg5 18. hxg5 f4 19. gxf4 Rxf4 20. b4 cxb3 21. Nxb3 Nxb3 22. Qxb3 Rff8 23. f4 Qe8 24. Qc2 h6 25. g6 Rf5 26. Rg1 Qxg6+ 27. Kf2 Qh7 28. Ra2 1/2-1/2

[Event "CZE-chT U18 Extraliga final-A 1516"]
[Site "Czech Republic"]
[Date "2016.04.23"]
[Round "10.3"]
[White "Beluska, Tereza"]
[Black "Eret, Jonas"]
[Result "0-1"]
[WhiteElo "1960"]
[BlackElo "2080"]
[PlyCount "152"]
[EventDate "2015.10.03"]
[EventType "team-tourn"]
[EventRounds "11"]
[EventCountry "CZE"]
[SourceTitle "EXT 2022"]
[Source "ChessBase"]
[SourceDate "2021.10.06"]
[SourceVersion "1"]
[SourceVersionDate "2021.10.06"]
[SourceQuality "1"]
[WhiteTeam "Frydek Mistek U18"]
[BlackTeam "Klatovy U18"]
[WhiteTeamCountry "CZE"]
[BlackTeamCountry "CZE"]

1. e4 e6 2. d4 d5 3. e5 c5 4. c3 Qb6 5. Nf3 Nc6 6. a3 c4 7. Be2 Bd7 8. 0-0 Na5 9. Nbd2 Ne7 10. Rb1 Qc7 11. Qe1 Nc8 12. Ng5 h6 13. Nh3 Nb6 14. f4 g6 15. Nf2 0-0-0 16. Ng4 Ba4 17. Ne3 Be7 18. Bd1 Qc6 19. Nc2 Qd7 20. Ne3 Bxd1 21. Qxd1 Qa4 22. Qe2 Nb3 23. Kh1 h5 24. Nf3 Rd7 25. Bd2 Qc6 26. Be1 Na4 27. Nc2 b5 28. Nb4 Qb7 29. Bh4 Bxh4 30. Nxh4 a5 31. Nc2 Nb6 32. Qf2 Qc6 33. Nf3 Rb7 34. Qh4 Qe8 35. Rbd1 Na4 36. Rb1 Qe7 37. Qxe7 Rxe7 38. h4 Kd7 39. Rf2 Rb8 40. Nd2 Nxd2 41. Rxd2 Ke8 42. Kh2 Rc7 43. Kh3 Nb6 44. g4 hxg4+ 45. Kxg4 Ke7 46. Rh2 Rcc8 47. Kg3 Rh8 48. Kg4 Na8 49. Rbh1 Rh5 50. Kg3 Nc7 51. Ra1 Rb6 52. Kg4 Na6 53. Rf2 Rh8 54. Rh2 Rh5 55. Rf2 b4 56. axb4 axb4 57. cxb4 Nxb4 58. Ra7+ Kf8 59. Nxb4 Rxb4 60. Ra2 Kg7 61. Ra8 Rb3 62. Rd2 Re3 63. Ra3 Re1 64. Rc3 Rh8 65. Rh3 Rg1+ 66. Rg3 Rxg3+ 67. Kxg3 Kh6 68. Kg4 Rb8 69. Rh2 Rb3 70. Rd2 Re3 71. Rf2 Rd3 72. Rf3 Rxd4 73. b3 cxb3 74. Rxb3 Rd1 75. Rb7 Kg7 76. h5 Rg1+ 0-1

[Event "CZE-chT U18 Extraliga Ost 1516"]
[Site "Czech Republic"]
[Date "2016.01.23"]
[Round "7.3"]
[White "Beluska, Tereza"]
[Black "Novak, Jan2"]
[Result "1-0"]
[WhiteElo "1960"]
[BlackElo "1525"]
[PlyCount "85"]
[EventDate "2015.10.03"]
[EventType "team-tourn"]
[EventRounds "11"]
[EventCountry "CZE"]
[SourceTitle "EXT 2022"]
[Source "ChessBase"]
[SourceDate "2021.10.06"]
[SourceVersion "1"]
[SourceVersionDate "2021.10.06"]
[SourceQuality "1"]
[WhiteTeam "Frydek Mistek U18"]
[BlackTeam "Orlova Slavia U18 II"]
[WhiteTeamCountry "CZE"]
[BlackTeamCountry "CZE"]

1. e4 e5 2. Nf3 Nc6 3. Nc3 Nf6 4. Bb5 d6 5. d4 Bd7 6. dxe5 Nxe5 7. Nxe5 dxe5 8. Bxd7+ Qxd7 9. Bg5 Qxd1+ 10. Rxd1 Bb4 11. f3 h6 12. Bh4 a6 13. Ke2 Bxc3 14. bxc3 Rd8 15. Rd3 Ke7 16. Rb1 Rxd3 17. cxd3 b5 18. Ke3 g5 19. Bg3 Nd7 20. Rc1 c5 21. Rh1 b4 22. cxb4 cxb4 23. Rc1 Kd6 24. d4 f6 25. d5 Nc5 26. Bf2 Ra8 27. Kd2 Nd7 28. Rc6+ Ke7 29. Kc2 h5 30. Kb3 a5 31. h3 h4 32. Ka4 Kd8 33. Kb5 Rb8+ 34. Kxa5 b3 35. axb3 Rxb3 36. Rc2 Ke7 37. Be1 Rd3 38. Kb5 f5 39. Bd2 Kf6 40. Rc6+ Kf7 41. Bxg5 fxe4 42. fxe4 Rd4 43. Rc4 1-0

[Event "EU-ch U16 Girls 25th"]
[Site "Porec"]
[Date "2015.09.30"]
[Round "9"]
[White "Beluska, Tereza"]
[Black "Mircheva, Nona"]
[Result "1-0"]
[WhiteElo "1968"]
[BlackElo "1690"]
[PlyCount "111"]
[EventDate "2015.09.21"]
[EventType "swiss"]
[EventRounds "9"]
[EventCountry "CRO"]
[SourceTitle "EXT 2016"]
[Source "ChessBase"]
[SourceDate "2015.10.08"]
[SourceVersion "1"]
[SourceVersionDate "2015.10.08"]
[SourceQuality "1"]

1. e4 d5 2. exd5 Qxd5 3. Nc3 Qa5 4. Bc4 Nf6 5. d3 Bg4 6. f3 Bf5 7. Qe2 Nc6 8. Be3 e6 9. g4 Bg6 10. 0-0-0 0-0-0 11. Qf2 h5 12. g5 Nd5 13. Nxd5 exd5 14. Bb3 Bb4 15. Ne2 a6 16. c3 Be7 17. d4 Qb5 18. Bc2 Bxc2 19. Kxc2 Rhe8 20. Rhe1 Qa4+ 21. Kb1 Na5 22. Ng3 g6 23. h4 Nc4 24. Bc1 Rd6 25. Qc2 Qb5 26. Ka1 Rb6 27. b3 Na5 28. Re3 Bd6 29. Rxe8+ Qxe8 30. f4 Rc6 31. Qd2 b6 32. Re1 Qd7 33. Qd3 Kb7 34. Qf3 Ka7 35. Bd2 Bf8 36. f5 Qd6 37. Kb1 gxf5 38. Nxf5 Qg6 39. Kb2 f6 40. Qxd5 fxg5 41. Bxg5 Nb7 42. Qd7 Nd6 43. Qxc6 Qxf5 44. Qxc7+ Ka8 45. Re2 Qf3 46. Rc2 Nb5 47. Qd8+ Kb7 48. b4 Nd6 49. Qd7+ Ka8 50. Qe6 Qd3 51. Qd5+ Ka7 52. c4 Nf5 53. Qd7+ Ka8 54. Qe8+ Kb7 55. Qxf8 Qxd4+ 56. Kb1 1-0

[Event "EU-ch U16 Girls 25th"]
[Site "Porec"]
[Date "2015.09.24"]
[Round "4"]
[White "Beluska, Tereza"]
[Black "Egyed, Judit"]
[Result "1/2-1/2"]
[WhiteElo "1968"]
[BlackElo "2037"]
[PlyCount "78"]
[EventDate "2015.09.21"]
[EventType "swiss"]
[EventRounds "9"]
[EventCountry "CRO"]
[SourceTitle "EXT 2016"]
[Source "ChessBase"]
[SourceDate "2015.10.08"]
[SourceVersion "1"]
[SourceVersionDate "2015.10.08"]
[SourceQuality "1"]

1. e4 c5 2. Nf3 d6 3. d4 cxd4 4. Nxd4 Nf6 5. Nc3 a6 6. Be2 e5 7. Nb3 Be7 8. 0-0 Be6 9. f4 exf4 10. Bxf4 Nc6 11. Kh1 0-0 12. Qe1 Ne5 13. Rd1 Qc7 14. Nd4 Ng6 15. Bc1 d5 16. Nxd5 Nxd5 17. Nxe6 fxe6 18. exd5 exd5 19. c3 Bd6 20. h3 Bg3 21. Qd2 Rxf1+ 22. Rxf1 Qe5 23. Bf3 Rd8 24. Qg5 Bh4 25. Qxe5 Nxe5 26. Bd1 Nd3 27. Bc2 Nxc1 28. Rxc1 d4 29. Rd1 dxc3 30. Rxd8+ Bxd8 31. bxc3 h6 32. Be4 b6 33. Kg1 Kf7 34. Kf2 Ke6 35. Ke3 Kd6 36. Bd3 a5 37. Bb5 Kc5 38. a4 Bf6 39. c4 Bb2 1/2-1/2

[Event "CZE-chT U20 Extraliga final-B 1415"]
[Site "Czech Republic"]
[Date "2015.04.25"]
[Round "9.6"]
[White "Soukup, Jiri1"]
[Black "Beluska, Tereza"]
[Result "0-1"]
[WhiteElo "1482"]
[BlackElo "1729"]
[PlyCount "74"]
[EventDate "2014.10.11"]
[EventType "team-tourn"]
[EventRounds "11"]
[EventCountry "CZE"]
[SourceTitle "EXT 2021"]
[Source "ChessBase"]
[SourceDate "2020.10.23"]
[SourceVersion "1"]
[SourceVersionDate "2020.10.23"]
[SourceQuality "1"]
[WhiteTeam "Bustehrad (U20)"]
[BlackTeam "Frydek Mistek (U20)"]
[WhiteTeamCountry "CZE"]
[BlackTeamCountry "CZE"]

1. e4 e6 2. d4 d5 3. exd5 exd5 4. Bd3 Bd6 5. Ne2 Nc6 6. c3 Nge7 7. Qc2 Bg4 8. f3 Bh5 9. Bf4 Bg6 10. 0-0 Bxf4 11. Nxf4 Qd6 12. Ne2 0-0-0 13. Nd2 Bxd3 14. Qxd3 g5 15. b4 f5 16. a4 f4 17. a5 Qg6 18. Qxg6 Nxg6 19. b5 Nce7 20. Rfb1 Nf5 21. Nf1 Rhe8 22. Ra2 b6 23. Kf2 Kd7 24. Nc1 Ne3 25. Nxe3 Rxe3 26. Ne2 Rde8 27. Rbb2 h5 28. h3 h4 29. a6 Ne7 30. Rd2 Nf5 31. Rab2 Ng3 32. Rdc2 c6 33. bxc6+ Kxc6 34. Ra2 Rxe2+ 35. Rxe2 Rxe2+ 36. Rxe2 Nxe2 37. Kxe2 b5 0-1

[Event "CZE-ch U16 Girls"]
[Site "Kouty nad Desnou"]
[Date "2015.03.13"]
[Round "8"]
[White "Tajovska, Martina"]
[Black "Beluska, Tereza"]
[Result "1/2-1/2"]
[WhiteElo "1630"]
[BlackElo "1718"]
[PlyCount "162"]
[EventDate "2015.03.07"]
[EventType "swiss"]
[EventRounds "9"]
[EventCountry "CZE"]
[SourceTitle "EXT 2017"]
[Source "ChessBase"]
[SourceDate "2016.10.25"]
[SourceVersion "1"]
[SourceVersionDate "2016.10.25"]
[SourceQuality "1"]

1. e4 c5 2. Nc3 Nc6 3. f4 g6 4. Nf3 Bg7 5. Bb5 Nd4 6. 0-0 a6 7. Bc4 b5 8. Bd5 Rb8 9. d3 e6 10. Bb3 Ne7 11. Ne2 Nec6 12. c3 Nxe2+ 13. Qxe2 0-0 14. Be3 d6 15. Bf2 Qc7 16. Rae1 Re8 17. e5 dxe5 18. fxe5 Ne7 19. Bh4 Bb7 20. Bf6 Bxf3 21. Qxf3 Nc6 22. Qe4 Na5 23. Bd1 b4 24. Rf3 bxc3 25. bxc3 Rb1 26. Rh3 Nc6 27. Qe3 Nxe5 28. Bxg7 Kxg7 29. Qh6+ Kg8 30. Qxh7+ Kf8 31. Qh8+ Ke7 32. Qh4+ f6 33. Qe4 Qc6 34. Rh7+ Kd6 35. Qf4 Re7 36. Rxe7 Kxe7 37. Rf1 Nd7 38. Bb3 Rxf1+ 39. Kxf1 g5 40. Qe3 Qd6 41. d4 cxd4 42. cxd4 Nb6 43. Qh3 Qf4+ 44. Ke2 Qe4+ 45. Kf1 Nd5 46. Bxd5 Qxd5 47. Qa3+ Kf7 48. Qxa6 Qxd4 49. a4 Qd1+ 50. Kf2 Qd2+ 51. Kf1 Qf4+ 52. Kg1 e5 53. a5 e4 54. Qa7+ Kg6 55. Qd4 Qc1+ 56. Kf2 Qc2+ 57. Kf1 Qb1+ 58. Kf2 Qa2+ 59. Kf1 f5 60. Qb6+ Kh5 61. Qc7 Qa1+ 62. Ke2 Qb2+ 63. Kf1 Qb1+ 64. Kf2 Qb2+ 65. Kf1 Qb5+ 66. Kf2 Qb2+ 67. Kf1 e3 68. Qh7+ Kg4 69. Qh3+ Kf4 70. Qf3+ Ke5 71. Qxe3+ Kd5 72. Qd3+ Kc6 73. Qc4+ Kb7 74. Qf7+ Ka6 75. Qe6+ Ka7 76. Qxf5 Qc1+ 77. Kf2 Qd2+ 78. Kf3 Qd1+ 79. Kg3 Qd6+ 80. Kf2 Qd2+ 81. Kg3 Qd6+ 1/2-1/2

[Event "CZE-ch U16 Girls"]
[Site "Kouty nad Desnou"]
[Date "2015.03.10"]
[Round "4"]
[White "Beluska, Tereza"]
[Black "Pychova, Nela"]
[Result "0-1"]
[WhiteElo "1718"]
[BlackElo "1954"]
[PlyCount "116"]
[EventDate "2015.03.07"]
[EventType "swiss"]
[EventRounds "9"]
[EventCountry "CZE"]
[SourceTitle "EXT 2017"]
[Source "ChessBase"]
[SourceDate "2016.10.25"]
[SourceVersion "1"]
[SourceVersionDate "2016.10.25"]
[SourceQuality "1"]

1. e4 c5 2. Nf3 Nc6 3. d4 cxd4 4. Nxd4 g6 5. Nc3 Bg7 6. Be3 Nf6 7. Bc4 Qa5 8. 0-0 0-0 9. Nb3 Qd8 10. f4 d6 11. Be2 Bd7 12. Bf3 Rc8 13. Nd5 Nxd5 14. exd5 Na5 15. Nxa5 Qxa5 16. c3 b5 17. Bd4 Bxd4+ 18. Qxd4 Qc7 19. Rfe1 Rfe8 20. Rad1 Qc5 21. Rd2 a5 22. a3 Qxd4+ 23. Rxd4 Kf8 24. Kf2 Rc7 25. Re3 Rb8 26. Be2 Rc5 27. Rde4 Re8 28. Rd4 Rc7 29. g4 Rb8 30. Rh3 Kg7 31. Re3 Bc8 32. b4 axb4 33. Rxb4 Ra8 34. Rb3 Bb7 35. Bf3 Kf8 36. Re2 Rc5 37. Rd2 Ra4 38. Kg3 Ba6 39. Rd4 Rxd4 40. cxd4 Rc4 41. Rd3 Ra4 42. Bd1 Rc4 43. Bf3 Rc2 44. Be4 Re2 45. Bf3 Ra2 46. Rc3 Ke8 47. g5 Kd8 48. h4 Rd2 49. Rc6 Bc8 50. Rb6 Kc7 51. Rxb5 Rxd4 52. Rb3 Bb7 53. Re3 Kd8 54. Rb3 Bxd5 55. Bxd5 Rxd5 56. Rb8+ Kd7 57. Rh8 Rd3+ 58. Kg4 h5+ 0-1

[Event "CZE-ch U16 Girls"]
[Site "Kouty nad Desnou"]
[Date "2015.03.07"]
[Round "1"]
[White "Vlkova, Anezka"]
[Black "Beluska, Tereza"]
[Result "0-1"]
[WhiteElo "1530"]
[BlackElo "1718"]
[PlyCount "92"]
[EventDate "2015.03.07"]
[EventType "swiss"]
[EventRounds "9"]
[EventCountry "CZE"]
[SourceTitle "EXT 2017"]
[Source "ChessBase"]
[SourceDate "2016.10.25"]
[SourceVersion "1"]
[SourceVersionDate "2016.10.25"]
[SourceQuality "1"]

1. e4 e6 2. d4 d5 3. e5 c5 4. c3 Nc6 5. Nf3 Bd7 6. Nbd2 cxd4 7. cxd4 Rc8 8. a3 a5 9. Qb3 Qc7 10. Be2 Nge7 11. Qd3 Ng6 12. Nf1 Be7 13. Be3 Qb6 14. Qb5 Qxb5 15. Bxb5 Ncxe5 16. Bxd7+ Nxd7 17. N1d2 0-0 18. 0-0 Rc2 19. b3 Rfc8 20. Rfb1 Bd6 21. b4 a4 22. Nf1 Bf4 23. Bxf4 Nxf4 24. Ne3 R2c7 25. h3 Ne2+ 26. Kh2 Nc3 27. Rb2 Nb5 28. Nd1 Nb6 29. Ne3 Nc4 30. Nxc4 Rxc4 31. Rd2 Rc3 32. Rda2 Rd3 33. Rb2 Nxd4 34. Nxd4 Rxd4 35. Raa2 Rc3 36. b5 b6 37. Rb4 Rcc4 38. Rbb2 Kf8 39. f3 Ke7 40. Kg3 Rd3 41. Rb4 Rdc3 42. Kf2 Rc2+ 43. Rxc2 Rxc2+ 44. Kg3 Rc4 45. Rb2 Rc3 46. Ra2 Kd6 0-1

[Event "CZE-ch U20 Girls"]
[Site "Frydek Mistek"]
[Date "2014.11.19"]
[Round "5"]
[White "Beluska, Tereza"]
[Black "Ambrozova, Lucie"]
[Result "0-1"]
[WhiteElo "1729"]
[BlackElo "1633"]
[PlyCount "74"]
[EventDate "2014.11.16"]
[EventType "swiss"]
[EventRounds "9"]
[EventCountry "CZE"]
[SourceTitle "CBM 163 Extra"]
[Source "ChessBase"]
[SourceDate "2014.12.23"]
[SourceVersion "1"]
[SourceVersionDate "2014.12.23"]
[SourceQuality "1"]

1. e4 c5 2. Nf3 d6 3. d4 cxd4 4. Nxd4 Nf6 5. Nc3 g6 6. Be3 Bg7 7. f3 0-0 8. Qd2 Nc6 9. h4 h5 10. 0-0-0 Nxd4 11. Bxd4 Be6 12. Kb1 Qc7 13. Be2 Rfc8 14. Rdg1 Qa5 15. a3 Rab8 16. g4 hxg4 17. fxg4 Nxe4 18. Nxe4 Qxd2 19. Nxd2 Bxd4 20. Rf1 Rc7 21. Nf3 Bg7 22. Ng5 Bd5 23. Rhg1 f6 24. Rd1 Bc4 25. Bxc4+ Rxc4 26. Ne6 Bh8 27. Rde1 Rbc8 28. Re2 Kf7 29. b3 Rc3 30. g5 f5 31. h5 Be5 32. Nd4 Bxd4 33. hxg6+ Kxg6 34. Re6+ Kf7 35. Rge1 Be5 36. Rh6 Rxc2 37. g6+ Kg7 0-1

[Event "CZE-ch U20 Girls"]
[Site "Frydek Mistek"]
[Date "2014.11.18"]
[Round "4"]
[White "Stranska, Kamila"]
[Black "Beluska, Tereza"]
[Result "0-1"]
[WhiteElo "1629"]
[BlackElo "1729"]
[PlyCount "72"]
[EventDate "2014.11.16"]
[EventType "swiss"]
[EventRounds "9"]
[EventCountry "CZE"]
[SourceTitle "CBM 163 Extra"]
[Source "ChessBase"]
[SourceDate "2014.12.23"]
[SourceVersion "1"]
[SourceVersionDate "2014.12.23"]
[SourceQuality "1"]

1. e4 e6 2. d4 d5 3. exd5 exd5 4. c3 Bd6 5. Nf3 Nc6 6. Bd3 Nge7 7. 0-0 Bg4 8. Bg5 f6 9. Be3 Qd7 10. Nbd2 0-0-0 11. b4 Nf5 12. a4 Rde8 13. Re1 g5 14. a5 h5 15. b5 Nd8 16. b6 Kb8 17. Qb3 h4 18. a6 cxb6 19. axb7 Qxb7 20. Ba6 Qc7 21. c4 Nxe3 22. fxe3 Bxf3 23. Nxf3 g4 24. c5 gxf3 25. cxd6 Qxd6 26. Rec1 Nb7 27. Bxb7 Kxb7 28. Qa4 a5 29. Qb5 Ra8 30. Rc2 Rhg8 31. Raa2 Rxg2+ 32. Rxg2 fxg2 33. Rxg2 Rc8 34. Rg7+ Rc7 35. Rg8 Qe6 36. Re8 Qg4+ 0-1

[Event "Ostrava Konik op"]
[Site "Ostrava"]
[Date "2014.05.03"]
[Round "8"]
[White "Beluska, Tereza"]
[Black "Mejzr, Jan"]
[Result "1-0"]
[WhiteElo "1645"]
[BlackElo "1798"]
[PlyCount "41"]
[EventDate "2014.04.26"]
[EventType "swiss"]
[EventRounds "9"]
[EventCountry "CZE"]
[SourceTitle "CBM 160 Extra"]
[Source "ChessBase"]
[SourceDate "2014.07.01"]
[SourceVersion "1"]
[SourceVersionDate "2014.07.01"]
[SourceQuality "1"]

1. e4 c5 2. Nf3 e6 3. d4 cxd4 4. Nxd4 a6 5. Nc3 Qc7 6. a3 Nc6 7. Be3 b5 8. Bd3 Nf6 9. 0-0 Ne5 10. f4 Neg4 11. Bc1 e5 12. Nf5 Bc5+ 13. Kh1 Nf2+ 14. Rxf2 Bxf2 15. Nxg7+ Kf8 16. Nh5 Nxh5 17. Qxh5 Qd6 18. Nd5 exf4 19. Bxf4 Qg6 20. Bh6+ Kg8 21. Ne7# 1-0

[Event "CZE-ch U16 Girls"]
[Site "Kouty nad Desnou"]
[Date "2014.03.11"]
[Round "4"]
[White "Tajovska, Martina"]
[Black "Beluska, Tereza"]
[Result "1/2-1/2"]
[WhiteElo "1575"]
[BlackElo "1660"]
[PlyCount "78"]
[EventDate "2014.03.08"]
[EventType "swiss"]
[EventRounds "9"]
[EventCountry "CZE"]
[SourceTitle "EXT 2015"]
[Source "ChessBase"]
[SourceDate "2014.11.20"]
[SourceVersion "1"]
[SourceVersionDate "2014.11.20"]
[SourceQuality "1"]

1. e4 e6 2. d4 d5 3. exd5 exd5 4. Bd3 Nc6 5. c3 Bd6 6. Ne2 Nge7 7. Bf4 Bxf4 8. Nxf4 Qd6 9. Ne2 Bf5 10. 0-0 0-0-0 11. b4 g5 12. a4 h5 13. Bxf5+ Nxf5 14. Qd3 Nh6 15. Nd2 Ng4 16. Nf3 f6 17. a5 Kb8 18. Ng3 Ne7 19. b5 h4 20. Nf5 Nxf5 21. Qxf5 Qd7 22. Qxd7 Rxd7 23. h3 Nh6 24. Rfb1 Nf7 25. Nd2 Nd6 26. Nb3 Ne4 27. Nc5 Re7 28. Re1 Rhe8 29. Nxe4 Rxe4 30. Rxe4 Rxe4 31. Kf1 a6 32. bxa6 bxa6 33. Rb1+ Kc8 34. Rb3 Kd7 35. f3 Re6 36. Kf2 f5 37. Rb8 Re8 38. Rb7 Re6 39. Rb8 Re8 1/2-1/2